Geography Quiz

Random Geography or Asia Quiz

SW Asia & North Africa Quiz Stats

Quiz not verified by Sporcle

Challenge
Share
Tweet
Score 0/25 Timer 05:00
0 Plays Today
% Correct
Morocco
91.7%
Algeria
91.7%
Libya
83.3%
Egypt
83.3%
Tunisia
75%
Syria
75%
Jordan
75%
Iraq
75%
Iran
75%
Kuwait
75%
Qatar
75%
Oman
75%
Yemen
75%
% Correct
Israel
66.7%
Lebanon
66.7%
Turkey
66.7%
Bahrain
66.7%
United Arab Emirates
66.7%
Saudi Arabia
66.7%
Afghanistan
58.3%
Cyprus
50%
Arabian Sea
25%
Mediterranean Sea
16.7%
Red Sea
16.7%
Persian Gulf
16.7%

You're not logged in!

Compare scores with friends on all Sporcle quizzes.
Join for Free
OR
Log In

You Might Also Like...

Show Comments

Extras

Top Quizzes Today


Score Distribution

Your Account Isn't Verified!

In order to create a playlist on Sporcle, you need to verify the email address you used during registration. Go to your Sporcle Settings to finish the process.

Report this User

Report this user for behavior that violates our Community Guidelines.

Details: